Marvel Characters by Picture #4 - Statistics

General Stats
  • This quiz has been taken 3,435 times
  • The average score is 10 of 20
Answer Stats
Picture Answer % Correct
Ego
73%
Howard Stark
72%
America Chavez
63%
Emil Blonsky /
Abomination
62%
Yelena Belova
60%
Okoye
57%
Sharon Carter
57%
The Grandmaster
57%
Alexei Shostakov /
Red Guardian
50%
Gorr the God Butcher
49%
Thaddeus "Thunderbolt" Ross
47%
Lady Sif
44%
Thena
42%
Maria Rambeau
41%
Frigga
36%
Ikaris
35%
Karl Mordo /
Baron Mordo
35%
Erik Selvig
33%
Liz Toomes
31%
Christine Palmer
30%
No matching quizzes found
Score Distribution
Percent of People with Each Score
Percentile by Number Answered
Your Score History
You have not taken this quiz